NBA Rookies of The Year - Sudden Death - Statistics

General Stats
  • This quiz has been taken 759 times
  • The average score is 3 of 6
Answers on the Grid
Answers color-coded by a green-red scale on the quiz's grid according to % correct below.
Jayson Tatum
Nikola Jokić
Damian Lillard
Shai Gilgeous-Alexander
Kevin Garnett
Damon Stoudamire
Shaquille O'Neal
Kobe Bryant
Jimmy Butler
Ben Simmons
Chet Holmgren
Kareem Abdul-Jabbar
Joel Embiid
Scottie Barnes
Donovan Mitchell
 
Answer Stats
Answer % Correct
Ben Simmons
64%
Damian Lillard
60%
Shaquille O'Neal
60%
Scottie Barnes
48%
Kareem Abdul-Jabbar
47%
Damon Stoudamire
26%
No matching quizzes found
Score Distribution
Percent of People with Each Score
Percentile by Number Answered
Your Score History
You have not taken this quiz